000 00428nam a2200157Ia 4500
005 20241119013413.0
008 240331s9999 xx 000 0 und d
020 _a0863110630
082 _bSIN
_a823
100 _aSingh, K
245 4 _aThe collected short stories of Khushwant Singh
260 _aDelhi
_bRavi Dayal Publishers
300 _axiii, 219 p .,
500 _acollected Short Stories of Khushwant Singh
942 _cL
999 _c3314
_d3314